• 首页
  • 本馆介绍
  • 公告通知
  • 最新文献
  • 馆藏检索
  • 电子资源
  • 读者导购
  • 参考咨询
  • 我的图书馆
  • 登录
  • 详细信息显示
  • 放入我的书架
  • 预约/预借图书
  • 作者相关作品
  • 分类相关作品
  • 丛书相关作品
  • 出版社相关作品

书目信息

  • 表格格式
  • 工作单格式
  • 卡片格式
题名:
环境监测
    
 
作者: 李光浩 主编
分册:  
出版信息: 北京   化学工业出版社  2016.3
页数: 228页
开本: 26cm
丛书名:
单 册:
中图分类: X83
科图分类:
主题词: 环境监测--高等学校--教材 , 环境监测
电子资源:
ISBN: 978-7-122-14839-1
000 00867nam0 2200265 450
001 0400003652
005 20171022111613.0
010    @a978-7-122-14839-1@dCNY36.00
100    @a20121116d2016 em y0chiy50 ea
101 0  @achi
102    @aCN@b110000
105    @aa z 000yy
106    @ar
200 1  @a环境监测@9huan jing jian ce@f李光浩主编
210    @a北京@c化学工业出版社@d2016.3
215    @a228页@c图@d26cm
300    @a普通高等教育“十二五”规划教材
320    @a有书目(第228页)
330    @a全书共分10章,内容主要包括水污染检测、大气污染监测、噪声污染监测、土壤与固体废物污染监测、生物与生态监测、环境放射性污染监测等,突出了环境监测的核心内容和体系。
606 0  @a环境监测@x高等学校@j教材
606 0  @a环境监测
690    @aX83@v5
701  0 @a李光浩@9li guang hao@4主编
801  0 @aCN@b91MARC@c20171022
905    @b1033931-5@dX83@f5@e257
    
    环境监测/李光浩主编.-北京:化学工业出版社,2016.3
    228页:图;26cm
    普通高等教育“十二五”规划教材
    
    ISBN 978-7-122-14839-1:CNY36.00
    全书共分10章,内容主要包括水污染检测、大气污染监测、噪声污染监测、土壤与固体废物污染监测、生物与生态监测、环境放射性污染监测等,突出了环境监测的核心内容和体系。
●
相关链接 在E读中查询图书 在五车中查询图书 在当当中查询图书 在豆瓣中查询图书


正题名:环境监测     索取号:X83/257         预约/预借

序号 登录号 条形码 馆藏地/架位号 状态 备注
1 1033931   210339310   第二样本阅览室/ [索取号:X83/257] 在馆    
2 1033932   210339329   密集书库-化学系/ [索取号:X83/257] 在馆    
3 1033933   210339338   第三借阅区/ [索取号:X83/257] 在馆    
4 1033934   210339347   第三借阅区/ [索取号:X83/257] 在馆    
5 1033935   210339356   第三借阅区/ [索取号:X83/257] 在馆    
唐山师范学院图书馆 欢迎您!
大连网信软件有限公司© 版权所有